=LDR 00000nam 2200000 4500 =001 NUTBA000000000005264 =005 20141027105049.0 =006 =007 =008 =020 ##$$a 978-979-444-446-7 =035 ##$$a 0010-101400000000494 =040 ##$$a NBPDMAT =082 ##$$a 363.73 =090 ##$$a 363.73 $b Pur a =100 ##$$a Purwanto =245 ##$$a Awas polusi / $c Purwanto ; editor, Safrizar =250 ##$$a Cet.2 =260 ##$$a Jakarta : $b Pustaka Utama Grafiti, $c 2010 =300 ##$$a vi, 58 hlm. : $b ilus. ; $c 20 cm. =650 ##$$a Pencemaran =700 ##$$a Safrizar =850 ##$$a NBPDMAT